=LDR 00000nam 2200000 4500 =001 INLIS000000000034834 =005 20130612140728 =008 ***********************************ind** =035 ##$$a0010-061300000034834 =041 ##$$a ind =082 ##$$a 808.7 =090 ##$$a 808.7, Pra s =100 ##$$a Pranata, Xavier Quentin =245 ##$$a 100 Humor suami istri, Xavier Quentin Pranata;Editor, Hirnata P =260 ##$$a [ Sa ] $b Yogyakarta =300 ##$$a 72 hlm, 16 cm =650 ##$$a Humor =700 ##$$a Hernita P =850 ##$$a NBPNMAT =990 ##$$a 21400613/BPAP-NTB/20142014 =990 ##$$a 21400613/BPAP-NTB/20142014 =990 ##$$a 21400613/BPAP-NTB/20142014 =990 ##$$a 21400613/BPAP-NTB/20142014